000 00245nam a2200097Ia 4500
001 691226
005 20250826161831.0
008 250824s9999 xx 000 0 und d
245 0 _aYA BAKİ ENTEL BAKİ
_cMEHMET YILDIZ
260 _bTİMAŞ YAYINLARI
999 _c691226
_d691226